| 000 | 00552nam a22001817a 4500 | ||
|---|---|---|---|
| 003 | SISC | ||
| 005 | 20160309083848.0 | ||
| 008 | 130904t xxu||||| |||| 00| 0 eng d | ||
| 050 |
_aPN 1101 _b.W473 1983 |
||
| 082 |
_aHS 809.1 _bW48 1983 |
||
| 100 |
_aWendt, Ingrid _916471 |
||
| 245 |
_aStarting with little things : _ba guide to writing poetry in the classroom / _cIngrid Wendt. |
||
| 260 |
_aNE, Suite : _bOregon Arts Foundation, _cc1983. |
||
| 300 |
_a86 p. : _c22 cm. |
||
| 650 |
_aPoetry, guide. _916472 |
||
| 942 |
_2lcc _cBK |
||
| 999 |
_c10329 _d10329 |
||